| 000 | 00548nam a2200193 a 4500 | ||
|---|---|---|---|
| 001 | 000004632 | ||
| 005 | 20200929151455.0 | ||
| 008 | 090724s2002 xx b 001 0 spa d | ||
| 020 | _a0141007036 | ||
| 040 | _aDO-SdBNP | ||
| 082 |
_axxx _bE46 |
||
| 100 | 1 |
_aElliott, John Huxtable. _d1930 _913503 |
|
| 245 | 1 | 0 |
_aImperial Spain 1469-1716 / _cJ. H. Elliott. |
| 260 |
_aLondon, _c2002. |
||
| 300 |
_a436 p. : _bil ; map ; _c20 cm. |
||
| 500 | _aIncluye datos biográficos | ||
| 504 | _aIncluye referencias bibliográficas [387-397] | ||
| 049 | _aBNPD | ||
| 999 |
_c4440 _d4440 |
||